000 00371nam a22001337a 4500
020 _a0962373109
082 _a620.1064 HOF
100 _aHoffmann, Klaus A , Hoffmann, Klaus A ,
_969230
245 _aComputational fluid dynamics , volume-1
250 _a4TH
260 _aUSA
_bA PUBLICATION OF ENGINEERING EDUCATION SYSTEM
_c2000
300 _aXI, 486P
942 _cBK
999 _c576604
_d576604